LEADER 01274nam a2200313 u 4500 001 000000014667 003 CaOOAMICUS 005 20070226105806.0 008 940517c1992 it u000 u ita u 020 $a88-350-8594-2 035 $a10345322 040 $aPUL(R)$bita 100 1 $aRizzi, Felice.$0(OLS)http://pul/name/13589 245 10$aEducazione e società interculturale /$cFelice Rizzi ; prefazione di Antonio Perotti. 260 $aBrescia :$bLa Scuola,$cc1992. 300 $a208 p. ;$c21 cm 490 1 $aPedagogia 2000 ;$v9 504 $aBibliografia: p. [201]-205. 650 4$aEducazione multiculturale.$0(OLS)http://pul/subject/10247 650 4$aEducazione e società.$0(OLS)http://pul/subject/10248 700 1 $aPerotti, Antonio.$0(OLS)http://pul/name/13590 830 0$aPedagogia 2000 ;$v9.$0(OLS)http://pul/title/21066 850 $aPUL 852 $aPUL$W1$xDP1 Fondo Pastorale$y55$mP10 C 46$j20582$nBK-PRI$b $qFondi$B20582$CPULBib$Z2$F20582 $H $81 941 1 $a1 961 $aINV: 69670 996 $6020$a88-350-8594-2$9(OLS)http://pul/number/18628 996 $6245$aEducazione e società interculturale$9(OLS)http://pul/title/21065 996 $6260$aBrescia :$bLa Scuola$9(OLS)http://pul/publisher/48404 LEADER 01997nam a2200421 u 4500 001 000000060231 003 CaOOAMICUS 005 20070226120904.0 008 010717s1978 it u000 u ita u 035 $a10897580 040 $aPUL(R)$bita$dPUL$dPUL 041 1 $aita$hfre 100 1 $aLubac, Henri de,$cS.I.,$d1896-1991.$0(OLS)http://pul/name/6263 240 10$aAugustinisme et théologie moderne.$lItaliano.$0(OLS)http://pul/title/34560 245 10$aAgostinismo e teologia moderna /$cHenri de Lubac. 260 $aMilano :$bJaca Book,$c1978. 300 $a338 p. ;$c23 cm 490 1 $aHenri de Lubac. Opera omnia. Sezione quarta, Soprannaturale ;$v12 490 1 $aGià e non ancora ;$v42 500 $aInclude indici. 504 $aContiene indicazioni bibliografiche. 600 04$aAugustinus,$cs., vesc. d'Ippona,$d354-430.$0(OLS)http://pul/subject/758 650 4$aCristianesimo e ateismo.$0(OLS)http://pul/subject/407 650 4$aFilosofia moderna.$0(OLS)http://pul/subject/703 800 1 $aLubac, Henri de,$cS.I.,$d1896-1991.$tOpere$9(Lubac, Henri de, S.I., 1896-1991).$0Sezione quarta,$pSoprannaturale ;$v12.$0(OLS)http://pul/nameTitle/155$0(OLS)http://pul/name/9469$0(OLS)http://pul/title/80518 830 0$aGià e non ancora ;$v42.$0(OLS)http://pul/title/129 850 $aPUL 852 $aPUL$W1$xSL Religione 2$y84$mTheol D3 2d.2$j78464$nBK-PRI$b $qStampati altre collocazioni$B78464$CPULBib$Z2$F78464 $H $81 852 $aPUL$W1$xSL Religione 1$y3$m55 O 12$j78465$n $b $qStampati$B78465$CPULBib$Z2$F78465 $H $81 900 $aDe Lubac, Henri$96263 900 $aDe Lubac, Henri$96263 941 1 $a10 941 1 $a8 960 $aAgostino,$cs., vesc. d'Ippona,$d354-430$9758 961 $aINV: 47314 961 $aINV: 87285 996 $6245$aAgostinismo e teologia moderna$9(OLS)http://pul/title/34561 996 $6260$aMilano :$bJaca Book$9(OLS)http://pul/publisher/47900